"And" in 16 Languages - Statistics

General Stats
  • This quiz has been taken 27 times
  • The average score is 12 of 16
Answer Stats
"And" Language % Correct
und German
95%
Mandarin (Chinese)
91%
و Arabic, Persian
86%
et French, Latin
86%
और Hindi
86%
Japanese
86%
Korean
86%
y Spanish
86%
и Russian, Bulgarian, Macedonian, Serbian
82%
και Greek
77%
e Italian, Portuguese, Galician
73%
og Danish, Norwegian, Icelandic
64%
en Dutch, Afrikaans, Frisian
55%
i Polish, Ukrainian, Bosnian, Belarusian, Catalan, Croatian
55%
at Filipino
32%
Vietnamese
27%
No matching quizzes found
Score Distribution
Percent of People with Each Score
Percentile by Number Answered
Your Score History
You have not taken this quiz